00706nam a2200241 a 4500001001300000003000900013005001700022008004100039020001000080082001600090100002100106245003000127260005200157300000900209500003500218505001300253650003100266700002100297902000800318942000700326952011600333999001500449nice12345678IN_TiNIC20260116012135.0050524s1969 pooa grp 000 0 eng  ac10000a235.47bLIC aLickey, Arthur E aGod Speaks to Modern Man. aPoonabOriental Watchman Publishing Housec1969 a282p aincludes index and biblioraphy2 aAppendix aGood and Evil-Christianity1 aLickey, Arthur E bRBA cBK 001040708RareBook->aHMIbHMId2007-06-20g100.00l0o235.47 LICp09342r2007-06-20v100.00w2005-05-24yBK c5793d5793